Esquizofrenia en niños y adolescentes
Salvato in:
| Autore principale: | |
|---|---|
| Natura: | Libro |
| Lingua: | spagnolo |
| Pubblicazione: |
Barcelona
Ariel
2003
|
| Serie: | Ariel Psicología
|
| Soggetti: | |
| Tags: |
Aggiungi Tag
Nessun Tag, puoi essere il primo ad aggiungerne!!
|
MARC
| LEADER | 00000nam a2200000 a 4500 | ||
|---|---|---|---|
| 001 | UCL6341 | ||
| 003 | CL-VaPUC | ||
| 008 | 040402e20030000SP |||||||||||||||||spa|d | ||
| 020 | |a 8434409046 | ||
| 082 | 0 | 4 | |a 616.8982 |b REM |2 21 |
| 100 | 0 | |a Remschmidt, Helmut |e author |9 483992 | |
| 245 | 1 | 0 | |a Esquizofrenia en niños y adolescentes |
| 300 | |a 328 p | ||
| 942 | |c BK | ||
| 945 | |d 20040402 00:00:00 |a cmena | ||
| 260 | |a Barcelona |b Ariel |c 2003 | ||
| 650 | 0 | |a Esquizofrenia |9 312163 | |
| 650 | 0 | |a Trastornos mentales |9 307475 | |
| 650 | 0 | |a Psicoterapia familiar |9 310747 | |
| 650 | 0 | |a Psicología del niño |9 307305 | |
| 650 | 0 | |a Adolescentes |9 308058 | |
| 583 | |a last modification |c 20040402 00:00:00 |k Rodrigo Vera | ||
| 490 | 0 | |a Ariel Psicología | |
| 999 | |c 308454 |d 308452 | ||
| 952 | |0 0 |1 0 |4 0 |6 616_898200000000000_REM_2003 |7 0 |8 A |9 374983 |a BIBEDU |b BIBEDU |c ES_NOD |d 2019-11-21 |i 4001834 |l 1 |o 616.8982 REM 2003 |p 4001834 |r 2023-08-09 |s 2022-09-15 |w 2019-11-21 |y BK |k PSI | ||